All Among Us Roles by Description - Statistics

General Stats
  • This quiz has been taken 19 times
  • The average score is 9 of 11
Answer Stats
Description Answer % Correct
Can do Tasks and get Killed Crewmate
100%
Can Kill, Sabotage, Vent and cannot do Tasks Impostor
95%
Can Transform into Anyone Shapeshifter
89%
Can Track a Certain Person Tracker
89%
Can Gather Clues about deaths and Impostors Detective
84%
On a Cooldown, Can Vent Engineer
84%
Can Fly Through Walls and Protect Crewmates Guardian Angel
84%
Admits a Signal to Players when Dying Noisemaker
74%
Can Turn Invisible Phantom
68%
Can Access Vitals from Anywhere Scientist
68%
When it Kills, after time, the Body cannot get Reported Viper
53%
No matching quizzes found
Score Distribution
Percent of People with Each Score
Percentile by Number Answered
Your Score History
You have not taken this quiz